Smosh Cast Members - Statistics

General Stats
  • This quiz has been taken 594 times
    487 since last reset
  • The average score is 11 of 17
Answer Stats
Smosh (Main) Cast Member % Correct
(2005–) Ian Hecox
98%
(2005–2017) Anthony Padilla
97%
(2015–) Shayne Topp
96%
(2015–) Courtney Miller
94%
(2015–) Keith Leak Jr.
85%
(2015–) Noah Grossman
84%
(2015–) Olivia Sui
84%
(2017–) Damien Haas
74%
(2012–2020) Mari Takahashi
55%
(2020–) Jackie Uweh
51%
(2020–) Kimmy Jimenez
49%
(2012–2017) Lasercorn
48%
(2012–2019) Jovenshire
45%
(2012–2017) Sohinki
39%
(2014–2019) Wes Johnson
38%
(2017–2019) Boze
36%
(2014–2018) Amra
28%
No matching quizzes found
Score Distribution
Percent of People with Each Score
Percentile by Number Answered
Your Score History
You have not taken this quiz since the last reset